Les Chemins de fer : aperçu historique, résultats généraux de l'ouverture des chemins de fer, concurrence des voies ferrées entre elles et avec la navigation / par Alfred Picard aperçu historique, résultats généraux de l'ouverture des chemins de fer, concurrence des voies ferrées entre elles et avec la navigation / par Alfred Picard
Descripción Física:
XIV, 856 p. ; 24 cm
MARC
| LEADER | 00000nam a2200000Ia 4500 | ||
|---|---|---|---|
| 001 | 19260 | ||
| 008 | 160829s1918 xx 000 0 cat d | ||
| 080 | |a C-2-517 | ||
| 100 | |a Picard, Alfred |9 43235 | ||
| 245 | |a Les Chemins de fer : |b aperçu historique, résultats généraux de l'ouverture des chemins de fer, concurrence des voies ferrées entre elles et avec la navigation / par Alfred Picard | ||
| 260 | |a Paris : |b H. Dunod et E. Pinat, |c 1918 | ||
| 300 | |a XIV, 856 p. ; |c 24 cm | ||
| 650 | |a Ferrocarrils |x França |x Aspectes econòmics |9 43236 | ||
| 901 | |a Arxiu | ||
| 942 | |n 1 | ||
| 952 | |0 0 |1 0 |4 0 |6 C2517 |7 1 |9 51295 |a Arxiu |b Arxiu |d 2016-12-01 |l 0 |o C-2-517 |p 19260 |r 2016-12-01 00:00:00 |w 2016-12-01 |y ARXIU | ||
| 999 | |c 55139 |d 55139 | ||